Analýza prchavých zložiek rastlinných potravinových matríc

Guardado en:
Detalles Bibliográficos
Autor principal: Porubiak, Michal
Formato: Software Libro
Lenguaje:eslovaco
Publicado: Bratislava STU FCHPT 2010
Acceso en línea:Ver en el OPAC
Etiquetas: Agregar Etiqueta
Sin Etiquetas, Sea el primero en etiquetar este registro!

MARC

LEADER 00000nam a2200000 a 4500
005 20260127134052.0
007 co ugu
008 100729 2010 xo 000 0 slo d
035 |a vtls010119396 
039 9 |y 201007291020  |z mschk03 
040 |a STUSCHK1  |b slo  |c STUSCHK1  |e AACR2 
100 1 |a Porubiak, Michal 
245 1 |a Analýza prchavých zložiek rastlinných potravinových matríc  |c Michal Porubiak 
260 |a Bratislava  |b STU FCHPT  |c 2010 
300 |a 1 elektronický disk 
500 |a Obháj.: 7.6. 2010 
500 |a Študijný program: výživa a ochrana zdravia 
500 |a Študijný odbor: 5.2.24 potravinárstvo 
500 |a Miesto vypracovania: Oddelenie výživy a hodnotenia potravín, FCHPT 
500 |a Evidenčné číslo: FCHPT-5465-26425 
500 |a diplomová práca na CD-ROMe 
910 |a SCHK95 
999 |c 3352  |d 3352